000 00467nam a2200181Ia 4500
001 17680
005 20260306171535.0
008 260306s9999||||xx |||||||||||||| ||und||
041 _aESP
082 _a658.15
_bC268 2012
100 _aCourt Monteverde, Eduardo
_eAUT
245 0 _aFinanzas corporativas:
_bcon nuevos temas y ejercicios
260 _c2012
300 _axx, 635 páginas :
_c28 cm.
650 _aGEN
654 _aCAN
942 _cLIB
_dJUS
_fJUS
_2ddc
_n
999 _c17680
_d17680